LEADER 00709nam a22001817a 4500
082 |a 894.M3  |b THY/A K9 
100 |a കഴക്കുട്ടം ത്യാഗരാജന്‍;  |9 6239 
100 |a Kazhakkuttom Thyagarajan  |9 6240 
240 |a Aasa 
245 |a ആശ 
250 |a 1st 
260 |a Kottayam;  |b Auroville Publishers;  |c 1969 
300 |a 185p. 
650 |a മലയാളം; മലയാളം നോവല്‍  |9 3 
650 |a Malayalam; Malayalam Novel; Literature; Malayalam Fiction  |9 6241 
942 |c BK 
999 |c 32011  |d 32011 
952 |0 0  |1 0  |4 0  |6 894_000000000000000_M3_THY_A_K9  |7 0  |8 FIC  |9 35269  |a MAL  |b MAL  |d 2015-05-08  |e 14218  |g 3.75  |l 0  |o 894.M3 THY/A K9  |p MAL014218  |r 2015-05-08  |t 1  |w 2015-05-08  |y BK